México 2020. retos y perspectivas.

Kaydedildi:
Detaylı Bibliyografya
Yazar: Abdel Musik Asali, Guillermo comp, (autor)
Diğer Yazarlar: Medina González, Sergio, comp (autor) comp, (autor)
Materyal Türü: Kitap
Dil:İspanyolca
Konular:
Etiketler: Etiketle
Etiket eklenmemiş, İlk siz ekleyin!

MARC

LEADER 00000cam^a2200000uu^4500
001 000466185
005 20250521000000.0
008 050901s1999^^^^^^^^^^^^rd^r^^000^0^spa^d
009 20260310124417.184
022 |a 968823270X 
035 |a FCE 000008822 
035 |a FCE 034943 
037 |a Acervo ITESO - Biblioteca 
041 |a spa 
082 0 4 |a 972  |b ABDm 
100 |a Abdel Musik Asali, Guillermo,  |e comp  |e (autor) 
245 1 0 |a México 2020. retos y perspectivas. 
264 |a México :  |b AMIEP : CONACYT,  |c 1999. 
300 |a 308 p. 
336 |a texto  |b txt  |2 rdacontenido 
337 |a sin mediación  |b n  |2 rdamedio 
338 |a volumen  |b nc  |2 rdasoporte 
649 |a XX 
650 |a Planificación de la educación 
650 |a Investigación científica 
650 |a Valores 
650 |a Perspectivas 
650 |a Política 
650 |a Desarrollo económico 
650 |a Desarrollo tecnológico 
650 |a Arte 
650 |a Derecho 
650 |a Medio social 
650 |a Siglo veintiuno 
700 |a Medina González, Sergio,  |e comp  |e (autor) 
910 |a Fondo Centro de Estudios Educativos 
920 |a Impresos - Libros 
930 |a Fondos Especiales 
905 |a 133 
901 |a ALE034943  |b IT2  |c CEE  |u 20250521 
902 |a https://opac.biblio.iteso.mx/vufind/Record/000466185